| 000 | 00508nam a2200157Ia 4500 | ||
|---|---|---|---|
| 008 | 230907s9999||||xx |||||||||||||| ||und|| | ||
| 082 |
_a621.3 _bIHT |
||
| 100 |
_aIhtesham Ahmad (00000118335) _9116435 |
||
| 245 | 0 | _aPerformance Evaluation of Battery for Domestic UPS Sector under Different Environmental Conditions / | |
| 260 |
_aUSPCAS-E, NUST, _bIslamabad : _c2019 |
||
| 300 | _a59 p. | ||
| 520 | _aTH-137 | ||
| 650 | _aMS-ESE Thesis MS Thesis | ||
| 700 |
_aDr. Naseem Iqbal _916826 |
||
| 942 |
_cTHE _2ddc |
||
| 999 |
_c601816 _d601816 |
||